Répertoire national

Αποθηκεύτηκε σε:
Λεπτομέρειες βιβλιογραφικής εγγραφής
Κύριος συγγραφέας: Huston, James
Μορφή: Βιβλίο
Γλώσσα:Undetermined
Έκδοση: Montreal, Canadá VLB 1982
Θέματα:
Ετικέτες: Προσθήκη ετικέτας
Δεν υπάρχουν, Καταχωρήστε ετικέτα πρώτοι!

MARC

LEADER 00000nam a2200000Ia 4500
008 170316s9999 xx 000 0 und d
040 |a cru BVZT 
090 |a 818 H-10r v.2 
100 |a Huston, James 
245 |a Répertoire national 
260 |a Montreal, Canadá 
260 |b VLB 
260 |c 1982 
300 |a 376 páginas Tomo 2. 
650 |a LITERATURA CANADIENSE 
999 |c 6462  |d 6462 
942 |c 15 D  |h 818 H-10r v.2  |2 z